Python para principiantes : (Registro nro. 21735)

Detalles MARC
000 -Cabecera
Campo de control interno 00837nam a2200229Ia 4500
005 - Fecha y hora del registro
control field 20260407113823.0
008 - Elementos de Longitud Fija
fixed length control field 260320s9999||||xx |||||||||||||| ||und||
020 ## - ISBN
ISBN 9798642649534
041 ## - Idioma
Codigo Idioma ESP
082 ## - DEWEY y NOTACIÓN INTERNA
Dewey 005.133
Notación Interna P87
110 ## - AUTOR INSTTITUCIONAL
Autor Institucional Programming Languages Academy
245 #0 - TÍTULO DE MATERIAL BIBLIOGRÁFICO
Título Python para principiantes :
Título paralelo 2 libros en 1 : programación de Python para principiantes; libro de trabajo Python
260 ## - CIUDAD, EDITORIAL, AÑO
Ciudad [Italia] :
Nombre de la Editorial Programming Languages Academy,
Año 2020
300 ## - DESCRIPCIÓN
N° Páginas 234 páginas :
Otros detalles tablas ;
Dimensiones 23 cm.
500 ## - NOTA GENERAL
Nota General (Ciudad: [Italia] tomado del catálogo WorldCat)
650 ## - TEMAS
Temas Generalidades
653 ## - DESCRIPTORES
Lenguajes no controlado Python (Lenguaje de programación)
654 ## - PROGRAMAS
Programa Dpto. de Computación
856 ## - URL - UBICACIÓN
URI/URL: Enlace exacto del recurso <a href="https://ebooks-editorialmacro-com.ucsp.lookproxy.com/library">https://ebooks-editorialmacro-com.ucsp.lookproxy.com/library</a>
Nota pública: Versión digital <a href="Véase además: Base de datos Macro Digital">Véase además: Base de datos Macro Digital</a>
942 ## - ELEMENTOS DE KOHA
Tipo de documento Libro
Nombre del creador Justo Noguera
Código de catalogador Margarita Torres
Esquema de clasificación Dewey Decimal Classification
Existencias
Codigo completo Registro Colección Copia número Disponibilidad Tipo de préstamo Biblioteca Actual Procedencia (Biblioteca) Ubicacón Fecha Ingreso Tipo de Adquisición Date last seen Total checkouts Price effective from Tipo de Item Estado del Material Fuente de Clasificación Damaged status Withdrawn status
005.133 P87 1085288 Universidad Católica San Pablo 1 Disponible Disponible Víctor Andrés Belaunde Víctor Andrés Belaunde Segundo piso 07/04/2026 Compra 07/04/2026   07/04/2026 Libro Bueno Dewey Decimal Classification